Trends in cancer information seeking.

Bibliographic Details
Format: Government Document eBook
Language:English
Published: [Bethesda, Md.] : Department of Health and Human Services, National Institutes of Health, National Cancer Institute, Health Information National Trends Survey, 2010.
Series:Hints briefs ; no. 16.
Subjects:
Online Access:https://purl.fdlp.gov/GPO/gpo59539

MARC

Tag First Indicator Second Indicator Subfields
LEADER 00000cam a2200000 i 4500
001 in00003598607
005 20211120173235.0
006 m o d f
007 cr cn|||||||||
008 150803s2010 mdua obs f000 0 eng c
035 |a (OCoLC)ocn915336898 
040 |a GPO  |b eng  |e rda  |e pn  |c GPO  |d MvI 
042 |a pcc 
043 |a n-us--- 
049 |a WWW 
074 |a 0507-G-93 (online) 
086 0 |a HE 20.3199/9:16 
245 0 0 |a Trends in cancer information seeking. 
264 1 |a [Bethesda, Md.] :  |b Department of Health and Human Services, National Institutes of Health, National Cancer Institute, Health Information National Trends Survey,  |c 2010. 
300 |a 1 online resource (2 unnumbered pages) :  |b color illustrations. 
336 |a text  |b txt  |2 rdacontent 
337 |a computer  |b c  |2 rdamedia 
338 |a online resource  |b cr  |2 rdacarrier 
490 1 |a Hints briefs ;  |v number 16 
500 |a Title from title screen (viewed Aug. 3, 2015). 
500 |a "August 2010." 
504 |a Includes bibliographical references. 
650 0 |a Cancer  |x Prevention  |x Information services. 
650 0 |a Health risk communication. 
650 0 |a Human behavior  |v Statistics. 
710 2 |a Health Information National Trends Survey,  |e issuing body. 
830 0 |a Hints briefs ;  |v no. 16. 
856 4 0 |u https://purl.fdlp.gov/GPO/gpo59539  |t 0 
999 f f |s ac47670a-ee06-39c7-935d-46522e2431b9  |i 38dea6a5-a5c5-39e8-b2c8-efc05c3688a8  |t 0 
952 f f |a Texas A&M University  |b College Station  |c Electronic Resources  |d Available Online  |t 0  |e HE 20.3199/9:16  |h Superintendent of Documents classification 
998 f f |a HE 20.3199/9:16  |t 0  |l Available Online